000
00335nam a2200133Ia 4500
008
150201s2014 xx 000 0 und d
082
_a
617.692
_b
P2013N
100
_a
NAIR ,K.C
245
2
_a
A PRIMER ON COMPLETE DENTURE PROSTHODONTICS
250
_a
1ST
260
_b
AHUJA PUB.HOUSE
650
_a
PROSTHODONTICS
942
_2
ddc
_c
BK
_0
11
999
_c
4820
_d
4820